A tale of two countries: (Record no. 11556)

MARC details
000 -LEADER
fixed length control field 00723 a2200205 4500
010 ## - LIBRARY OF CONGRESS CONTROL NUMBER
LC control number ENG-89867
020 ## - INTERNATIONAL STANDARD BOOK NUMBER
International Standard Book Number 8124113943
Terms of availability 395.00
035 ## - SYSTEM CONTROL NUMBER
System control number EN-73400
037 ## - SOURCE OF ACQUISITION
Source of stock number/acquisition DBAD / PUB
082 14 - DEWEY DECIMAL CLASSIFICATION NUMBER
Classification number 327.540547
090 ## - LOCALLY ASSIGNED LC-TYPE CALL NUMBER (OCLC); LOCAL CALL NUMBER (OCLC)
-- 11910
-- 11910
100 1# - MAIN ENTRY--PERSONAL NAME
Personal name Puri, Rajinder
245 1# - TITLE STATEMENT
Title A tale of two countries:
Remainder of title chronicles of columnist 2004-2008/
Statement of responsibility, etc by Rajinder Puri
260 ## - PUBLICATION, DISTRIBUTION, ETC. (IMPRINT)
Place of publication, distribution, etc New Delhi
Name of publisher, distributor, etc Har-Anand Publications
Date of publication, distribution, etc 2008
270 ## - ADDRESS
Address E-49/3, Okhla Induatrial Area, Phase-II
City New Delhi
Postal code 110020
Telephone number 41603490
Fax number 41708607
300 ## - PHYSICAL DESCRIPTION
Extent 207p.
Dimensions 22 cm. (Hb)
500 ## - GENERAL NOTE
General note Includes index.
942 ## - ADDED ENTRY ELEMENTS (KOHA)
Institution code [OBSOLETE] dpl
Koha item type English Books
Call number prefix 327.540547/ PUR
Holdings
Withdrawn status Lost status Source of classification or shelving scheme Damaged status Not for loan Collection code Home library Current library Source of acquisition Cost, normal purchase price Total Checkouts Full call number Barcode Date last seen Copy number Uniform Resource Identifier Cost, replacement price Price effective from Koha item type
    Dewey Decimal Classification   Not For Loan Non-fiction D.B.Act.Division D.B.Act.Division DBAD/PUB 395.00   327.540547 PUR EN-73400 15/09/2008 1 12670 395.00 15/09/2008 English Books

© Delhi Public Library
Hit Counter
free hit counter